Java Design Patterns : (Record no. 519)
[ view plain ]
| 000 -LEADER | |
|---|---|
| fixed length control field | 00735nac a22001811u 4500 |
| 008 - FIXED-LENGTH DATA ELEMENTS--GENERAL INFORMATION | |
| fixed length control field | 100922s2002 ii |||||r|||| 00| 0 eng d |
| 020 ## - INTERNATIONAL STANDARD BOOK NUMBER | |
| International Standard Book Number | 0201485397 |
| 020 ## - INTERNATIONAL STANDARD BOOK NUMBER | |
| International Standard Book Number | 8178080974 |
| 082 ## - DEWEY DECIMAL CLASSIFICATION NUMBER | |
| Classification number | 005.133 |
| Item number | JAM |
| Edition number | 22 |
| 100 ## - MAIN ENTRY--PERSONAL NAME | |
| 9 (RLIN) | 19724 |
| Personal name | Cooper , James W. |
| 245 ## - TITLE STATEMENT | |
| Title | Java Design Patterns : |
| Remainder of title | A Tutorial / |
| Statement of responsibility, etc | James W. Cooper. |
| 260 ## - PUBLICATION, DISTRIBUTION, ETC. (IMPRINT) | |
| Place of publication, distribution, etc | New Delhi : |
| Name of publisher, distributor, etc | Pearson Education , |
| Date of publication, distribution, etc | 2002. |
| 300 ## - PHYSICAL DESCRIPTION | |
| Extent | xvi,329p. : |
| Other physical details | ill. ; |
| Dimensions | 24cm. + |
| Accompanying material | 1 computer laser optical disc (4.75 in.) |
| 650 ## - SUBJECT ADDED ENTRY--TOPICAL TERM | |
| Topical term or geographic name as entry element | v Handbooks, manuals, etc. |
| -- | Object-oriented programming (Computer science) |
| 9 (RLIN) | 19718 |
| 650 ## - SUBJECT ADDED ENTRY--TOPICAL TERM | |
| Topical term or geographic name as entry element | Java (Computer program language) |
| -- | v Handbooks, manuals, etc. |
| 9 (RLIN) | 19719 |
| 650 ## - SUBJECT ADDED ENTRY--TOPICAL TERM | |
| Topical term or geographic name as entry element | Software patterns |
| -- | v Handbooks, manuals, etc. |
| 9 (RLIN) | 19720 |
| 942 ## - ADDED ENTRY ELEMENTS (KOHA) | |
| Item type | Book - Borrowing |
| Call number prefix | 005.133C7761 |
| Source of classification or shelving scheme | Dewey Decimal Classification |
| Withdrawn status | Item status | Source of classification or shelving scheme | Damaged status | Not for loan | Vendor | Home library | Current library | Shelving location | Date acquired | Source of acquisition | Cost, normal purchase price | Total Checkouts | Total Renewals | Full call number | Barcode | Date last seen | Date last borrowed | Cost, replacement price | Koha item type |
|---|---|---|---|---|---|---|---|---|---|---|---|---|---|---|---|---|---|---|---|
| Dewey Decimal Classification | Central Library | Central Library | Lower Floor | 06/06/2016 | 79.00 | 6 | 34 | 005.133 COO | 000004100 | 15/07/2025 | 23/10/2013 | 98.75 | Book - Borrowing |